[Event "Wch U10 Girls"]
[Site "Batumi"]
[Date "2022.09.27"]
[Round "11"]
[White "Alessi, Clio"]
[Black "Bakhishova, Maryam"]
[Result "0-1"]
[WhiteElo "1413"]
[BlackElo "1072"]
[PlyCount "36"]
[EventDate "2022.09.16"]
[EventType "swiss"]
[EventRounds "11"]
[EventCountry "GEO"]
[SourceTitle "EXT 2023"]
[Source "ChessBase"]
[SourceDate "2022.10.05"]
[SourceVersion "1"]
[SourceVersionDate "2022.10.05"]
[SourceQuality "1"]

1. e4 c6 2. d4 d5 3. e5 Bf5 4. Nf3 e6 5. Bd3 Bxd3 6. Qxd3 Nd7 7. Be3 Qb6 8. Qb3 Ne7 9. Nc3 Nf5 10. 0-0-0 Qxb3 11. axb3 Bb4 12. Rd3 Nxe3 13. Rxe3 b6 14. Na2 a5 15. Nc3 Bxc3 16. Rxc3 c5 17. Kd2 0-0 18. h4 Rfc8 0-1